| 000 | 00546nam a2200181Ia 4500 | ||
|---|---|---|---|
| 008 | 210423s2010 xx 000 0 und d | ||
| 020 | _a9780195691665 | ||
| 041 | _aeng | ||
| 082 | _a337 MARC | ||
| 100 | _aMARREWIJK (Charles Van) | ||
| 245 | _aInternational economics: theory application and policy | ||
| 260 |
_aOxford _bOxford University Press _c2010 |
||
| 300 |
_axliii,691 _bPB |
||
| 365 |
_b525 _cINR |
||
| 650 | _aEconomics | ||
| 650 | _aInternational Economics | ||
| 906 | _aapplication ; economics: ; International ; policy ; theory | ||
| 999 |
_c159281 _d159281 |
||